LEADER 01982oam 2200505 450 001 9910705758203321 005 20170621095206.0 035 $a(CKB)5470000002452824 035 $a(OCoLC)891575009 035 $a(OCoLC)995470000002452824 035 $a(EXLCZ)995470000002452824 100 $a20140929d1967 ua 0 101 0 $aeng 135 $aurmn||||||||| 181 $ctxt$2rdacontent 182 $cc$2rdamedia 183 $acr$2rdacarrier 200 10$aAsh flows and related volcanic rocks associated with the Creede caldera, San Juan Mountains, Colorado /$fby James C. Ratte? and Thomas A. Steven; prepared in cooperation with the Colorado Mining Industrial Development Board 210 1$aWashington :$cUnited States Department of the Interior, Geological Survey,$d1967. 215 $a1 online resource (viii, 58 pages) $cillustrations (some colored), maps +$e1 plate 225 1 $aGeological Survey professional paper ;$v524-H 225 1 $aShorter contributions to general geology 300 $aTitle from title screen (viewed September 24, 2014). 320 $aIncludes bibliographical references (pages H57-H58). 606 $aVolcanism$zColorado 606 $aVolcanism$zSan Juan Mountains (Colo. and N.M.) 606 $aLatite$zSan Juan Mountains (Colo. and N.M.) 606 $aRhyolite$zSan Juan Mountains (Colo. and N.M.) 615 0$aVolcanism 615 0$aVolcanism 615 0$aLatite 615 0$aRhyolite 700 $aRatte?$b James Clifford$f1925-$01389957 702 $aSteven$b Thomas A$g(Thomas August),$f1917-2013, 712 02$aGeological Survey (U.S.), 712 02$aColorado.$bMining Industrial Development Board. 801 0$bCOP 801 1$bCOP 801 2$bOCLCO 801 2$bOCLCA 801 2$bGPO 906 $aBOOK 912 $a9910705758203321 996 $aAsh flows and related volcanic rocks associated with the Creede caldera, San Juan Mountains, Colorado$93442140 997 $aUNINA LEADER 04042nam 2200973z- 450 001 9910557373703321 005 20220111 035 $a(CKB)5400000000042154 035 $a(oapen)https://directory.doabooks.org/handle/20.500.12854/76365 035 $a(oapen)doab76365 035 $a(EXLCZ)995400000000042154 100 $a20202201d2021 |y 0 101 0 $aeng 135 $aurmn|---annan 181 $ctxt$2rdacontent 182 $cc$2rdamedia 183 $acr$2rdacarrier 200 00$aPhytophthora Infestations in Forest Ecosystems 210 $aBasel, Switzerland$cMDPI - Multidisciplinary Digital Publishing Institute$d2021 215 $a1 online resource (216 p.) 311 08$a3-0365-0800-7 311 08$a3-0365-0801-5 330 $aThe oomycete genus Phytophthora represents one of the most notorious groups of tree pathogens in natural and semi-natural forest ecosystems. Since the discovery in the 1960s of the invasive P. cinnamomi, threatening some of the world's richest plant communities in Australia, numerous Phytophthora diseases have been reported on forest trees worldwide, which were previously unknown to science. The most notable examples include the oak and beech declines triggered by different Phytophthora spp. in Europe and North America, the findings of sudden oak death and sudden larch death caused by P. ramorum in the Western USA and the U.K., respectively, and the association of P. austrocedri with mal del cipre?s in Argentina and juniper decline in the U.K. All these epidemic events are driven by exotic invasive Phytophthora species, introduced through infested nursery plants from their native overseas environments. In recent years, many independent surveys have studied the diversity of Phytophthora species and the diseases they are causing across a diverse range of forests and other natural ecosystems. This Special Issue presents papers on Phytophthora surveys performed in different biogeographic regions and addresses the pathways, and ecological and economic impacts of these invasive forest pathogens. 606 $aBiology, life sciences$2bicssc 606 $aEcological science, the Biosphere$2bicssc 606 $aResearch & information: general$2bicssc 610 $aaquatic fungi 610 $abaiting 610 $abark canker 610 $abiogeography 610 $abiomass allocation 610 $abiosecurity 610 $abreeding systems 610 $acenter of origin 610 $acork oak 610 $adecline 610 $adehesas 610 $adiversity 610 $adrought 610 $aectomycorrhiza 610 $aforest disease monitoring 610 $aGLMM 610 $aholm oak decline 610 $ahybridization 610 $ainvasive species 610 $aITS region 610 $aleaf decay 610 $amontados 610 $anatural ecosystems 610 $aoak decline 610 $aoomycetes 610 $aopen forests 610 $aparasite 610 $apathogen 610 $apathogenicity tests 610 $apathways 610 $aPhytophthora 610 $aPhytophthora Ścambivora 610 $aPhytophthora cinnamomi 610 $aPhytophthora pini 610 $aPhytophthora plurivora 610 $aplant traits 610 $aplantation 610 $aPopulus 610 $aroot rot 610 $aroot rot. 610 $asaprotroph 610 $asoilborne pathogens 610 $astreams 610 $atree mortality 610 $atrophic specialization 610 $avegetation type 610 $awild apple forest 615 7$aBiology, life sciences 615 7$aEcological science, the Biosphere 615 7$aResearch & information: general 700 $aScanu$b Bruno$4edt$01295454 702 $aJung$b Thomas$4edt 702 $aScanu$b Bruno$4oth 702 $aJung$b Thomas$4oth 906 $aBOOK 912 $a9910557373703321 996 $aPhytophthora Infestations in Forest Ecosystems$93023463 997 $aUNINA LEADER 03197nam 22006013 450 001 9910881501203321 005 20241014011000.0 010 $a9781802702279 010 $a180270227X 024 7 $a10.1515/9781802702279 035 $a(CKB)34513034600041 035 $a(MiAaPQ)EBC31653236 035 $a(Au-PeEL)EBL31653236 035 $a(DE-B1597)704728 035 $a(DE-B1597)9781802702279 035 $a(OCoLC)1453752681 035 $a(MdBmJHUP)musev2_123867 035 $a(OCoLC)1455771567 035 $a(EXLCZ)9934513034600041 100 $a20240912d2024 uy 0 101 0 $aeng 135 $aur||||||||||| 181 $ctxt$2rdacontent 182 $cc$2rdamedia 183 $acr$2rdacarrier 200 14$aThe Persuasive Agency of Objects and Practices in Alfred the Great's Reform Program 205 $a1st ed. 210 1$aAmsterdam :$cArc Humanities Press,$d2024. 210 4$d©2024. 215 $a1 online resource (241 pages) 225 1 $aCARMEN Visual and Material Cultures Series 311 08$a9781802700848 311 08$a1802700846 327 $tFrontmatter -- $tCONTENTS -- $tLIST OF ILLUSTRATIONS -- $tACKNOWLEDGEMENTS -- $tAUTHOR?S NOTE -- $tABBREVIATIONS -- $tPrelude. The Enigmatic Alfred Jewel -- $tChapter 1. Introduction -- $tChapter 2. Military Innovation: Performing Alfredian Ideology -- $tChapter 3. Alfredian Ideology -- $tChapter 4. Alfredian Learning and Its Implications for Alfredian Reform -- $tChapter 5. Text-Bodies: A Crucial Actant -- $tChapter 6. Social Practices: Routinized Ways of Doing Things -- $tChapter 7. The Enigmatic Alfred Jewel: A Powerful Player in Alfredian Reform -- $tCoda. Looking Forward: Alfred?s Successors -- $tBibliography -- $tIndex 330 $aAlfred the Great's early English kingdom was the only one to resist Viking conquest. His reform program strengthened the kingdom and enabled it to hold fast against the Vikings. But texts are largely silent on the process of reform. There has been a tendency to assume that these reforms would obviously be beneficial, but Alfred's elites were not to know that in advance. What motivated them to do as their king bid them?This book analyzes how objects and behaviours shaped aristocratic response to the reform program, using assemblage theory and social practice theory. The Alfred Jewel (as shown on the cover) exercised a powerful persuasive agency in Alfredian reform. Broadening the frame of inquiry beyond textual evidence, giving objects and behaviours their due, permits a richer and more nuanced understanding. 410 0$aCARMEN Visual and Material Cultures Series 606 $aHISTORY / Medieval$2bisacsh 608 $aElectronic books. 610 $aAestel. 610 $aAlfred Jewel. 610 $aWessex. 610 $aassemblage theory. 610 $anew materialism. 615 7$aHISTORY / Medieval. 676 $a942.0164 700 $aPitt$b Georgina$01767909 801 0$bMiAaPQ 801 1$bMiAaPQ 801 2$bMiAaPQ 906 $aBOOK 912 $a9910881501203321 996 $aThe Persuasive Agency of Objects and Practices in Alfred the Great's Reform Program$94215231 997 $aUNINA